| 000 | 01204nmm a2200313 a 4500 | ||
|---|---|---|---|
| 003 | AR-BaBNM | ||
| 005 | 20251128210303.0 | ||
| 008 | 309019s1997 ||||||||||||||000 | spa|| | ||
| 040 | _cAR-BaBNM | ||
| 100 | 1 | _aAraneda Castex, Patricia | |
| 245 | 1 | 0 |
_aLo femenino visible _bmanual para la producción de textos escolares no sexistas |
| 260 |
_aSantiago de Chile _bCorporación de Promoción Universitaria _c1997 |
||
| 300 | _a107 p. | ||
| 500 | _aContiene apéndice p. 69-107 | ||
| 500 | _aEn la confección de este texto se contó con el aporte técnico del Programa de la Mujer y la Unidad de Medios Educativos del Ministerio de Educación y del Departamento de Sectores del Servicio Social de la Mujer | ||
| 504 | _aContiene bibliografía p. 106-107 | ||
| 650 | 4 | _aDIFERENCIAS ENTRE SEXOS | |
| 650 | 4 | _aCONTENIDO DE LOS LIBROS DE TEXTO | |
| 650 | 4 | _aMASCULINIDAD-FEMINEIDAD | |
| 650 | 4 | _aDISCRIMINACION SEXUAL | |
| 650 | 4 | _aLIBROS PARA NINOS | |
| 650 | 4 | _aPRODUCCION DE LIBROS DE TEXTO | |
| 653 | _aGENERO | ||
| 700 | 1 | _aGuerra López, Josefina | |
| 700 | 1 | _aRodríguez Salazar, Marcela | |
| 710 | 2 | _aCorporación de Promoción Universitaria | |
| 942 | _cBK | ||
| 998 | _cRaquel | ||
| 999 |
_c14798 _d14798 |
||